COMPANY CASES THE CORPORATE LAW WEEKLY [VOL-210] (Record no. 7726)

MARC details
000 -LEADER
fixed length control field 00396nam a22001457a 4500
005 - DATE AND TIME OF LATEST TRANSACTION
control field 20210322121951.0
008 - FIXED-LENGTH DATA ELEMENTS--GENERAL INFORMATION
fixed length control field 210322b ||||| |||| 00| 0 eng d
082 ## - DEWEY DECIMAL CLASSIFICATION NUMBER
Classification number 346.066
100 ## - MAIN ENTRY--AUTHOR NAME
Personal name AIYAR, A.N.
245 ## - TITLE STATEMENT
Title COMPANY CASES THE CORPORATE LAW WEEKLY [VOL-210]
260 ## - PUBLICATION, DISTRIBUTION, ETC. (IMPRINT)
Place of publication CHENNAI
Name of publisher COMPANY LAW INSTITUTE OF INDIA
Year of publication 2018
300 ## - PHYSICAL DESCRIPTION
Number of Pages 760,i-xxxvi,p
650 ## - SUBJECT ADDED ENTRY--TOPICAL TERM
Topical Term LAW
942 ## - ADDED ENTRY ELEMENTS (KOHA)
Koha item type Journals/Serial
Holdings
Lost status Damaged status Collection code Home library Current library Shelving location Date acquired Source of acquisition Full call number Accession Number Koha item type
    LAW JRU Library JRU Library SHELF-36-E 22/03/2021 PURCHESE 346.066 25373 Journals/Serial